000 00602cab a22001935a 4500
001 L139978
008 070824e20070818xxk F 000 0 eng d
035 _a(Sirsi) u139978
041 0 _aeng
100 1 _aJohnson, Tom
245 0 0 _aNew opportunities
260 _c2007
490 0 _aEstates Gazette
_v(0733) 18 August 2007, 84-86(2)
520 _aReports on the attractiveness of the hotel sector to investors and the challenges.
590 _aka
651 4 _aUnited Kingdom
_y
690 _aPROPERTY-COMMERCIAL PROPERTY-LEISURE PROPERTY-HOLIDAY AND GUEST PROPERTY-HOTEL PROPERTY
942 _n0
999 _c79149
_d79149